000 00525nam a2200181Ia 4500
005 20250326141434.0
008 250326s9999 xx 000 0 und d
037 _aTextbook
040 _aFMSL
_beng
_cFMSL
041 _aeng
_2eng
084 _qFMSL
100 _aDivecha Anwar
_9744448
245 0 _aRemuneration of a manager : Dilemma Dimentions Dissessions Dichotomices directions
_cDivecha Anwar
260 _aNew Delhi
_bNew Delhi, Sterling
_c1990
300 _a334p
942 _cTB
999 _c1290313
_d1290313